|
|
|
|
| LEADER |
00844nam a2200193 i 4500 |
| 003 |
GR-PaULI |
| 005 |
20220203125904.0 |
| 008 |
211230s1950 gw g 000 j ger d |
| 952 |
|
|
|0 0
|1 0
|2 ddc
|4 1
|6 833_800000000000000_BUS
|7 1
|9 353900
|a LISP
|b LISP
|c DON
|d 2021-12-30
|e ΨΥΧ
|i 254397
|l 0
|o 833.8 BUS
|p 025000288014
|r 2021-12-30 00:00:00
|t 1
|v 2021.00
|w 2021-12-30
|y BKN
|
| 999 |
|
|
|c 207508
|d 207508
|
| 040 |
|
|
|a GR-PaULI
|b gre
|c GR-PaULI
|e AACR2
|
| 082 |
0 |
4 |
|a 833.8
|2 23
|
| 100 |
1 |
|
|9 189114
|a Busch, Wilhelm,
|d (1832-1908),
|e συγγραφέας.
|
| 245 |
1 |
0 |
|a Man muss doch darüber sprechen :
|b Kleine Erzählungen - zweite folge /
|c Wilhelm Busch.
|
| 260 |
|
|
|a Stuttgart :
|b Quell - Verlag,
|c 1950.
|
| 300 |
|
|
|a 78 σ. ;
|c 19 εκ.
|
| 650 |
|
4 |
|9 104349
|a Γερμανική λογοτεχνία
|y 19ος αιώνας
|
| 942 |
|
|
|2 ddc
|c BK
|
| 998 |
|
|
|c Σαλαμούρα
|d 2021-12
|